Serbian licence plates - Statistics

General Stats
  • This quiz has been taken 2,814 times
  • The average score is 49 of 71
Answers on the Map
Answers color-coded by a green-red scale on the quiz's map according to % correct below.
 
Answer Stats
Code Cities/Municipalities % Correct
BG Belgrade
96%
NS Novi Sad, Bač, Bački Petrovac, Beočin, Žabalj, Srbobran, Sremski Karlovci, Temerin, Titel
95%
NI Niš, Doljevac, Gadžin Han, Merošina, Ražanj, Svrljig
92%
KG Kragujevac, Batočina, Knić, Lapovo, Rača
90%
SU Subotica, Mali Iđoš
89%
ZR Zrenjanin, Žitište, Novi Bečej, Nova Crnja, Sečanj
89%
ČA Čačak
86%
NP Novi Pazar
86%
VR Vranje, Bosilegrad, Vladičin Han, Preševo, Trgovište
86%
LE Leskovac, Bojnik, Medveđa, Crna Trava
85%
JA Jagodina, Rekovac
84%
KV Kraljevo
84%
ŠA Šabac, Vladimirci, Koceljeva
84%
VA Valjevo, Lajkovac, Ljig, Mionica, Osečina
84%
Kruševac, Brus, Varvarin, Ćićevac
83%
SO Sombor, Apatin, Kula, Odžaci
83%
PA Pančevo, Alibunar, Kovačica, Opovo
82%
UE Užice, Arilje, Bajina Bašta, Kosjerić, Čajetina
82%
AR Aranđelovac
80%
PO Požarevac, Veliko Gradište, Golubac, Žabari, Žagubica, Kučevo, Malo Crniće
80%
BO Bor, Majdanpek
79%
IN Inđija
79%
KI Kikinda, Čoka, Novi Kneževac
79%
SD Smederevo
79%
Vršac, Bela Crkva, Plandište
79%
ZA Zaječar, Boljevac, Sokobanja
79%
PI Pirot, Babušnica, Bela Palanka, Dimitrovgrad
77%
AL Aleksinac
76%
LO Loznica, Krupanj, Ljubovija, Mali Zvornik
75%
ŠI Šid
75%
ĆU Ćuprija
73%
RU Ruma, Irig, Pećinci
73%
SM Sremska Mitrovica
73%
UB Ub
73%
GM Gornji Milanovac
72%
BP Bačka Palanka
71%
NG Negotin
67%
BT Bačka Topola
66%
Požega
66%
KL Kladovo
64%
PP Prijepolje
63%
VP Velika Plana
62%
Bečej
61%
RA Raška
61%
SJ Sjenica
61%
NV Nova Varoš
60%
VS Vrbas
60%
BU Bujanovac
59%
IC Ivanjica
59%
LB Lebane
59%
PB Priboj
59%
Knjaževac
58%
PN Paraćin
58%
ST Stara Pazova
58%
PK Prokuplje, Blace, Žitorađa, Kuršumlija
57%
TS Trstenik
57%
TT Tutin
57%
AC Aleksandrovac
56%
TO Topola
56%
KA Kanjiža
55%
VL Vlasotince
55%
DE Despotovac
53%
VB Vrnjačka Banja
53%
KO Kovin
49%
SP Smederevska Palanka
49%
LU Lučani
47%
SV Svilajnac
47%
SA Senta, Ada
45%
Bogatić
44%
SC Surdulica
42%
PT Petrovac
40%
No matching quizzes found
Score Distribution
Percent of People with Each Score
Percentile by Number Answered
Your Score History
You have not taken this quiz